[Event "Tradewise Gibraltar Masters 16th"]
[Site "Gibraltar"]
[Date "2018.01.31"]
[Round "9.53"]
[White "Mohammad, Nubairshah Shaikh"]
[Black "Khotenashvili, Bela"]
[Result "1-0"]
[WhiteElo "2380"]
[BlackElo "2486"]
[PlyCount "191"]
[EventDate "2018.01.23"]
[EventType "swiss"]
[EventRounds "10"]
[EventCountry "GGB"]
[SourceTitle "BritBase"]
[Source "www.saund.co.uk"]
[SourceDate "2018.02.10"]
[SourceVersion "1"]
[SourceVersionDate "2018.02.10"]
[SourceQuality "1"]

1. d4 Nf6 2. c4 g6 3. Nc3 d5 4. Nf3 Bg7 5. h4 c6 6. cxd5 cxd5 7. Bf4 Nc6 8. Qb3
O-O 9. e3 Na5 10. Qb4 Nc6 11. Qb3 Na5 12. Qa3 Bf5 13. Be2 a6 14. O-O Bg4 15.
Rfc1 Rc8 16. Qb4 Bxf3 17. Bxf3 Rc4 18. Qa3 Rc6 19. b3 Re8 20. Rc2 Bf8 21. Qb2
e6 22. Rac1 Qe7 23. Na4 Rxc2 24. Rxc2 Nc6 25. Nc5 Rc8 26. a3 a5 27. Bg5 Bg7 28.
h5 gxh5 29. Bxh5 e5 30. Bg4 Rd8 31. Bf5 exd4 32. exd4 Qe1+ 33. Kh2 Qd1 34. Nxb7
Qh5+ 35. Bh3 Qxg5 36. Rxc6 Re8 37. Nd6 Re1 38. Rc8+ Bf8 39. Qc3 Qf4+ 40. Qg3+
Qxg3+ 41. Kxg3 Ne4+ 42. Nxe4 Rxe4 43. Bf5 Rxd4 44. Ra8 a4 45. b4 Kg7 46. Kf3 h5
47. Rxa4 Kf6 48. Bh7 Ke5 49. Ra7 f6 50. Ra8 Be7 51. Re8 Kd6 52. Rc8 Ke5 53. Rc7
Bd6 54. Rc6 Rd1 55. g3 Ra1 56. Rc3 Kd4 57. Re3 Bf8 58. Rd3+ Kc4 59. Ke2 Bh6 60.
Rf3 Ra2+ 61. Kf1 Bc1 62. Rxf6 Bxa3 63. Rf4+ Kc3 64. b5 Bc5 65. Rf5 Rb2 66. Bg8
Bb6 67. Bxd5 Rxb5 68. Rf3+ Kd4 69. Bf7 Re5 70. Kg2 Rg5 71. Rf6 Rb5 72. Bxh5 Ke5
73. Rf8 Rb2 74. Bg4 Kd6 75. Rf7 Bd4 76. Bc8 Rc2 77. Bh3 Rb2 78. g4 Rb8 79. Kg3
Ke6 80. Rf5 Rb3+ 81. f3 Ke7 82. Rd5 Rd3 83. Rb5 Rc3 84. g5 Kf7 85. Bf5 Rc5 86.
Rb7+ Kf8 87. Kg4 Be5 88. Be6 Rc7 89. Rb5 Bd4 90. f4 Ke7 91. f5 Ra7 92. Kh5 Ba1
93. Kg6 Bc3 94. Rb6 Be5 95. f6+ Kf8 96. Rb5 1-0

[Event "Tradewise Gibraltar Masters 16th"]
[Site "Gibraltar"]
[Date "2018.01.31"]
[Round "9.54"]
[White "Suarez Gomez, Julio"]
[Black "Bjerre, Jonas Buhl"]
[Result "1-0"]
[WhiteElo "2486"]
[BlackElo "2367"]
[PlyCount "135"]
[EventDate "2018.01.23"]
[EventType "swiss"]
[EventRounds "10"]
[EventCountry "GGB"]
[SourceTitle "BritBase"]
[Source "www.saund.co.uk"]
[SourceDate "2018.02.10"]
[SourceVersion "1"]
[SourceVersionDate "2018.02.10"]
[SourceQuality "1"]

1. d4 Nf6 2. c4 e6 3. Nf3 Bb4+ 4. Bd2 a5 5. g3 b6 6. Bg2 Bb7 7. O-O O-O 8. Bf4
Be7 9. Nc3 Ne4 10. Nb5 Na6 11. Rc1 g5 12. Be3 f5 13. Ne5 d6 14. Nd3 d5 15. f3
Nd6 16. Nxd6 Qxd6 17. f4 g4 18. c5 Qd8 19. c6 Bc8 20. Qa4 Nb4 21. Nxb4 Bxb4 22.
a3 Bd6 23. b4 b5 24. Qb3 Qe7 25. Bd2 a4 26. Qd3 Ba6 27. Kf2 Kg7 28. Rh1 h5 29.
h3 Qf7 30. e3 Rh8 31. Ke2 Rab8 32. Be1 Rb6 33. Kd1 Qe8 34. Qc3 Qg6 35. Bf1 Rbb8
36. Rc2 Rh7 37. Rch2 Rbh8 38. Qc2 Qe8 39. Be2 Rh6 40. Bd3 Be7 41. Qc1 R8h7 42.
Rc2 Rh8 43. Qd2 Qb8 44. Kc1 Qb6 45. Qc3 Qb8 46. Kb1 Qb6 47. Bd2 Qb8 48. Bc1 Qb6
49. Bb2 Qb8 50. Qe1 R8h7 51. Qf1 Kf7 52. Be2 Qb6 53. Bd1 Bf8 54. Be2 Be7 55.
Bd3 Bf8 56. Ka1 Be7 57. Rch2 Bf8 58. hxg4 hxg4 59. Rxh6 Rxh6 60. Rxh6 Bxh6 61.
Qh1 Kg7 62. Bxf5 exf5 63. Qxd5 Bc8 64. Qe5+ Kf7 65. d5 Bf8 66. Qf6+ Ke8 67.
Qg6+ Ke7 68. Bf6+ 1-0

[Event "Tradewise Gibraltar Masters 16th"]
[Site "Gibraltar"]
[Date "2018.01.31"]
[Round "9.55"]
[White "Salomon, Johan"]
[Black "Perez, Flavio"]
[Result "1-0"]
[WhiteElo "2476"]
[BlackElo "2279"]
[PlyCount "115"]
[EventDate "2018.01.23"]
[EventType "swiss"]
[EventRounds "10"]
[EventCountry "GGB"]
[SourceTitle "BritBase"]
[Source "www.saund.co.uk"]
[SourceDate "2018.02.10"]
[SourceVersion "1"]
[SourceVersionDate "2018.02.10"]
[SourceQuality "1"]

1. Nf3 Nf6 2. g3 g6 3. b3 Bg7 4. Bb2 d6 5. d4 O-O 6. Bg2 Nbd7 7. O-O e5 8. dxe5
Ng4 9. Qc1 Ngxe5 10. c4 a5 11. Nc3 Nxf3+ 12. exf3 Nc5 13. Nd5 Nd3 14. Bxg7 Nxc1
15. Bf6 Ne2+ 16. Kh1 Qxf6 17. Nxf6+ Kg7 18. Nd5 c6 19. Nb6 Ra6 20. Nxc8 Rxc8
21. Rfe1 Nd4 22. Re7 a4 23. Rd1 axb3 24. axb3 Nxb3 25. Bh3 Rd8 26. Rxb7 Na5 27.
Rc7 Nxc4 28. Be6 d5 29. Rxf7+ Kh8 30. Rc7 Rda8 31. Kg2 R8a7 32. Rc8+ Kg7 33. f4
Nd6 34. Rd8 Ne4 35. Rc1 Ra2 36. Rg8+ Kh6 37. Rf1 Nd2 38. Re1 Ne4 39. Rxe4 dxe4
40. Bxa2 Rxa2 41. Re8 Kg7 42. Rxe4 Kf6 43. g4 h6 44. Kg3 Rc2 45. h4 h5 46. g5+
Kf7 47. Re5 c5 48. f5 c4 49. fxg6+ Kxg6 50. f4 Rc1 51. f5+ Kf7 52. Rc5 c3 53.
Rc7+ Ke8 54. f6 Kd8 55. Rc4 Ke8 56. Kg2 Rc2+ 57. Kf3 Rc1 58. Ke2 1-0

[Event "Tradewise Gibraltar Masters 16th"]
[Site "Gibraltar"]
[Date "2018.01.31"]
[Round "9.56"]
[White "Saduakassova, Dinara"]
[Black "Paehtz, Thomas"]
[Result "1-0"]
[WhiteElo "2470"]
[BlackElo "2356"]
[PlyCount "64"]
[EventDate "2018.01.23"]
[EventType "swiss"]
[EventRounds "10"]
[EventCountry "GGB"]
[SourceTitle "BritBase"]
[Source "www.saund.co.uk"]
[SourceDate "2018.02.10"]
[SourceVersion "1"]
[SourceVersionDate "2018.02.10"]
[SourceQuality "1"]

1. d4 Nf6 2. c4 g6 3. g3 Bg7 4. Bg2 d6 5. Nc3 Nbd7 6. Nf3 e5 7. O-O O-O 8. e4
exd4 9. Nxd4 Re8 10. Qc2 a6 11. b3 Rb8 12. a4 Nc5 13. Bb2 a5 14. Rad1 c6 15.
Rfe1 Qb6 16. h3 Bd7 17. Kh2 Rbd8 18. Bc1 Bc8 19. Be3 h6 20. f4 Rd7 21. Bf2 Rde7
22. Rd2 Qb4 23. Rde2 Bg4 24. Re3 Bc8 25. e5 dxe5 26. fxe5 Nfd7 27. Na2 Qa3 28.
Qb1 Bxe5 29. Nc2 Qb2 30. Qxb2 Bxb2 31. Rxe7 Rxe7 32. Rxe7 Kf8 1-0

[Event "Tradewise Gibraltar Masters 16th"]
[Site "Gibraltar"]
[Date "2018.01.31"]
[Round "9.57"]
[White "Dragnev, Valentin"]
[Black "Padmini, Rout"]
[Result "1-0"]
[WhiteElo "2466"]
[BlackElo "2325"]
[PlyCount "65"]
[EventDate "2018.01.23"]
[EventType "swiss"]
[EventRounds "10"]
[EventCountry "GGB"]
[SourceTitle "BritBase"]
[Source "www.saund.co.uk"]
[SourceDate "2018.02.10"]
[SourceVersion "1"]
[SourceVersionDate "2018.02.10"]
[SourceQuality "1"]

1. e4 e6 2. d4 d5 3. Nd2 c5 4. Ngf3 cxd4 5. Nxd4 Nf6 6. exd5 Nxd5 7. N2f3 Bb4+
8. Bd2 O-O 9. c3 Be7 10. Bd3 b6 11. Qc2 Nf6 12. Bg5 Bb7 13. Bxf6 Bxf6 14. Bxh7+
Kh8 15. Be4 Qc8 16. h4 g6 17. O-O-O Na6 18. Qd2 Kg7 19. Bxb7 Qxb7 20. h5 gxh5
21. Rxh5 Rh8 22. Rdh1 Rxh5 23. Rxh5 Kf8 24. Qf4 Ke7 25. Nxe6 Kxe6 26. Rh6 Qe7
27. Nd4+ Kd5 28. Qf3+ Qe4 29. Rh5+ Be5 30. Qxf7+ Kc5 31. Qe7+ Kc4 32. Qe6+ Kd3
33. Rh3+ 1-0

[Event "Tradewise Gibraltar Masters 16th"]
[Site "Gibraltar"]
[Date "2018.01.31"]
[Round "9.58"]
[White "Bellahcene, Bilel"]
[Black "Sahl, Sheila Barth"]
[Result "1/2-1/2"]
[WhiteElo "2494"]
[BlackElo "2178"]
[PlyCount "60"]
[EventDate "2018.01.23"]
[EventType "swiss"]
[EventRounds "10"]
[EventCountry "GGB"]
[SourceTitle "BritBase"]
[Source "www.saund.co.uk"]
[SourceDate "2018.02.10"]
[SourceVersion "1"]
[SourceVersionDate "2018.02.10"]
[SourceQuality "1"]

1. e4 e6 2. d4 d5 3. Nc3 Bb4 4. e5 c5 5. a3 Bxc3+ 6. bxc3 Ne7 7. h4 Qc7 8. h5
h6 9. Ne2 Bd7 10. a4 Nbc6 11. g3 Na5 12. Bh3 Rc8 13. f4 cxd4 14. Qxd4 Nc4 15.
g4 Qc5 16. Rg1 Rc6 17. g5 Qxd4 18. Nxd4 Ra6 19. Rb1 b6 20. g6 Rxa4 21. Ke2 Rf8
22. gxf7+ Kxf7 23. Bd2 Nc6 24. Nxc6 Bxc6 25. Rg6 Bd7 26. Rbg1 Rg8 27. Be1 Ra2
28. Kd3 Nb2+ 29. Kd2 Nc4+ 30. Kd3 Nb2+ 1/2-1/2

[Event "Tradewise Gibraltar Masters 16th"]
[Site "Gibraltar"]
[Date "2018.01.31"]
[Round "9.59"]
[White "Lombaers, Peter"]
[Black "Anton Guijarro, David"]
[Result "0-1"]
[WhiteElo "2345"]
[BlackElo "2666"]
[PlyCount "72"]
[EventDate "2018.01.23"]
[EventType "swiss"]
[EventRounds "10"]
[EventCountry "GGB"]
[SourceTitle "BritBase"]
[Source "www.saund.co.uk"]
[SourceDate "2018.02.10"]
[SourceVersion "1"]
[SourceVersionDate "2018.02.10"]
[SourceQuality "1"]

1. c4 e5 2. g3 Nf6 3. Bg2 Nc6 4. Nc3 Bb4 5. Nd5 Bc5 6. e3 O-O 7. Ne2 d6 8. O-O
Bb6 9. Nxb6 axb6 10. Nc3 Bg4 11. Qc2 Nb4 12. Qb1 Qd7 13. a3 Nc6 14. Nd5 Nxd5
15. cxd5 Ne7 16. Qc2 Rac8 17. Rb1 Qb5 18. d3 c6 19. dxc6 Nxc6 20. Qc4 Qxc4 21.
dxc4 Be2 22. Re1 Bxc4 23. b4 b5 24. Bxc6 Rxc6 25. Bb2 Ra8 26. Rbc1 f6 27. f3
Kf7 28. Kf2 Ke6 29. Red1 Bb3 30. Rg1 Rc4 31. Rge1 Rac8 32. Ke2 Rc2+ 33. Kd3 f5
34. e4 fxe4+ 35. fxe4 R8c4 36. Rxc2 Bxc2+ 0-1

[Event "Tradewise Gibraltar Masters 16th"]
[Site "Gibraltar"]
[Date "2018.01.31"]
[Round "9.60"]
[White "Jessel, Stephen"]
[Black "Libiszewski, Fabien"]
[Result "0-1"]
[WhiteElo "2342"]
[BlackElo "2530"]
[PlyCount "56"]
[EventDate "2018.01.23"]
[EventType "swiss"]
[EventRounds "10"]
[EventCountry "GGB"]
[SourceTitle "BritBase"]
[Source "www.saund.co.uk"]
[SourceDate "2018.02.10"]
[SourceVersion "1"]
[SourceVersionDate "2018.02.10"]
[SourceQuality "1"]

1. Nf3 g6 2. e4 Bg7 3. d4 d6 4. Nc3 a6 5. a4 Nf6 6. h3 O-O 7. Be3 b6 8. e5 Nfd7
9. e6 fxe6 10. Bd3 c5 11. Ng5 Nf6 12. h4 Nc6 13. d5 Nb4 14. dxe6 d5 15. h5 d4
16. hxg6 dxe3 17. Nf7 Nxd3+ 18. cxd3 exf2+ 19. Kd2 Rxf7 20. exf7+ Kf8 21. gxh7
Kxf7 22. Qf3 Bg4 23. Qxf2 Qd7 24. a5 Bf5 25. axb6 Qxd3+ 26. Kc1 Bxh7 27. g4 Kg8
28. Rd1 Bh6+ 0-1

[Event "Tradewise Gibraltar Masters 16th"]
[Site "Gibraltar"]
[Date "2018.01.31"]
[Round "9.61"]
[White "Papp, Petra"]
[Black "Dzagnidze, Nana"]
[Result "1-0"]
[WhiteElo "2324"]
[BlackElo "2522"]
[PlyCount "89"]
[EventDate "2018.01.23"]
[EventType "swiss"]
[EventRounds "10"]
[EventCountry "GGB"]
[SourceTitle "BritBase"]
[Source "www.saund.co.uk"]
[SourceDate "2018.02.10"]
[SourceVersion "1"]
[SourceVersionDate "2018.02.10"]
[SourceQuality "1"]

1. e4 c5 2. Nf3 e6 3. d4 cxd4 4. Nxd4 a6 5. Nc3 Qc7 6. Bd3 Nf6 7. f4 Bb4 8. Bd2
Bxc3 9. Bxc3 Qxf4 10. Qe2 d5 11. g3 Qg4 12. exd5 Qxe2+ 13. Nxe2 Nxd5 14. Bxg7
Rg8 15. Bh6 Nc6 16. Be4 Nde7 17. Be3 f5 18. Bf3 e5 19. O-O-O Be6 20. Nc3 Kf7
21. Bb6 Rae8 22. a3 e4 23. Bh5+ Ng6 24. g4 Kg7 25. gxf5 Bxf5 26. Rhf1 Rgf8 27.
Nd5 Bh3 28. Rg1 Re5 29. Be2 Kh8 30. Nb4 Nxb4 31. axb4 Ree8 32. Rg3 Bf5 33. h4
Ne5 34. Rd5 Nc6 35. b5 axb5 36. Bxb5 h5 37. Rg5 Bg4 38. Bxc6 Rf1+ 39. Kd2 e3+
40. Kc3 e2 41. Bd4+ Kh7 42. Rxh5+ Bxh5 43. Rxh5+ Kg8 44. Rh8+ Kf7 45. Rxe8 1-0

[Event "Tradewise Gibraltar Masters 16th"]
[Site "Gibraltar"]
[Date "2018.01.31"]
[Round "9.62"]
[White "Sadhwani, Raunak"]
[Black "Blomqvist, Erik"]
[Result "1/2-1/2"]
[WhiteElo "2321"]
[BlackElo "2502"]
[PlyCount "60"]
[EventDate "2018.01.23"]
[EventType "swiss"]
[EventRounds "10"]
[EventCountry "GGB"]
[SourceTitle "BritBase"]
[Source "www.saund.co.uk"]
[SourceDate "2018.02.10"]
[SourceVersion "1"]
[SourceVersionDate "2018.02.10"]
[SourceQuality "1"]

1. e4 c6 2. d4 d5 3. Nc3 dxe4 4. Nxe4 Nf6 5. Nxf6+ exf6 6. c3 Bd6 7. Bd3 O-O 8.
Ne2 Re8 9. O-O Na6 10. Bf4 Nc7 11. Bxd6 Qxd6 12. Ng3 g6 13. Re1 Rxe1+ 14. Qxe1
f5 15. Bc4 Be6 16. Bxe6 Nxe6 17. Qe2 Qd5 18. Nf1 Nf4 19. Qf3 Qxf3 20. gxf3 Nd3
21. b3 Re8 22. Rd1 Nf4 23. Ng3 h5 24. h4 Kg7 25. Kf1 Kf6 26. Rd2 g5 27. Ne2 Ng6
28. hxg5+ Kxg5 29. c4 h4 30. Kg1 Re7 1/2-1/2

[Event "Tradewise Gibraltar Masters 16th"]
[Site "Gibraltar"]
[Date "2018.01.31"]
[Round "9.63"]
[White "Stefanova, Antoaneta"]
[Black "Devereaux, Maxim L"]
[Result "1-0"]
[WhiteElo "2489"]
[BlackElo "2370"]
[PlyCount "47"]
[EventDate "2018.01.23"]
[EventType "swiss"]
[EventRounds "10"]
[EventCountry "GGB"]
[SourceTitle "BritBase"]
[Source "www.saund.co.uk"]
[SourceDate "2018.02.10"]
[SourceVersion "1"]
[SourceVersionDate "2018.02.10"]
[SourceQuality "1"]

1. Nf3 d5 2. e3 Nf6 3. c4 g6 4. b4 Bg7 5. Bb2 c6 6. d4 Bg4 7. Nbd2 O-O 8. Be2
Nbd7 9. O-O a5 10. b5 c5 11. cxd5 cxd4 12. Bxd4 Nxd5 13. Bxg7 Kxg7 14. Rc1 N5b6
15. Ne4 Kg8 16. Qd4 Bxf3 17. Bxf3 e5 18. Qb2 Qe7 19. Rc7 f5 20. Qb3+ Kh8 21.
Nc5 a4 22. Qc3 Qd6 23. Nxd7 Nxd7 24. Rd1 1-0

[Event "Tradewise Gibraltar Masters 16th"]
[Site "Gibraltar"]
[Date "2018.01.31"]
[Round "9.64"]
[White "Lopez Mulet, Inigo"]
[Black "Almagro Llamas, Pablo"]
[Result "0-1"]
[WhiteElo "2318"]
[BlackElo "2479"]
[PlyCount "80"]
[EventDate "2018.01.23"]
[EventType "swiss"]
[EventRounds "10"]
[EventCountry "GGB"]
[SourceTitle "BritBase"]
[Source "www.saund.co.uk"]
[SourceDate "2018.02.10"]
[SourceVersion "1"]
[SourceVersionDate "2018.02.10"]
[SourceQuality "1"]

1. e4 c5 2. Nf3 d6 3. d4 cxd4 4. Nxd4 Nf6 5. Nc3 a6 6. f3 h5 7. a4 g6 8. Be2
Bg7 9. Be3 Nc6 10. Nxc6 bxc6 11. e5 Ng8 12. exd6 exd6 13. Bf4 d5 14. a5 Ne7 15.
Qd2 Nf5 16. O-O Bd4+ 17. Kh1 h4 18. Bd3 Ng3+ 19. Bxg3 hxg3 20. Qe1+ Kf8 21.
Qxg3 Kg7 22. Rfe1 Rh6 23. Na4 Qxa5 24. Re8 Bb7 25. Re7 Rah8 26. h3 Bc8 27. Qf4
Bf6 28. Ree1 Rh4 29. g4 g5 30. Qd6 Rxh3+ 31. Kg2 Qd2+ 32. Re2 Qf4 33. Qxf4 gxf4
34. Ree1 Rh2+ 35. Kf1 Bd4 36. c3 Be3 37. Bf5 Bxf5 38. gxf5 Rf2+ 39. Kg1 Kf6 40.
b4 Ra2+ 0-1

[Event "Tradewise Gibraltar Masters 16th"]
[Site "Gibraltar"]
[Date "2018.01.31"]
[Round "9.65"]
[White "Studer, Noel"]
[Black "Lazarne Vajda, Szidonia"]
[Result "1/2-1/2"]
[WhiteElo "2476"]
[BlackElo "2362"]
[PlyCount "68"]
[EventDate "2018.01.23"]
[EventType "swiss"]
[EventRounds "10"]
[EventCountry "GGB"]
[SourceTitle "BritBase"]
[Source "www.saund.co.uk"]
[SourceDate "2018.02.10"]
[SourceVersion "1"]
[SourceVersionDate "2018.02.10"]
[SourceQuality "1"]

1. Nf3 d5 2. g3 g6 3. Bg2 Bg7 4. d4 Nf6 5. c4 c6 6. O-O O-O 7. Qb3 Qb6 8. Nc3
Rd8 9. Rd1 Bf5 10. Ne1 dxc4 11. Qxc4 Be6 12. Qa4 Na6 13. Nc2 Nd5 14. Ne4 Ndb4
15. Nxb4 Qxb4 16. Qxb4 Nxb4 17. e3 Nc2 18. Rb1 Bxa2 19. Bd2 Bxb1 20. Rxb1 a5
21. Nc5 Ra7 22. Be4 Nb4 23. Ra1 Nd5 24. Rxa5 Rxa5 25. Bxa5 Ra8 26. b4 b5 27.
Nd7 e6 28. Kf1 Ra7 29. Nb8 Bf8 30. Nxc6 Ra6 31. Nb8 Ra7 32. Nc6 Ra6 33. Nb8 Ra7
34. Nc6 Ra6 1/2-1/2

[Event "Tradewise Gibraltar Masters 16th"]
[Site "Gibraltar"]
[Date "2018.01.31"]
[Round "9.66"]
[White "Cernousek, Lukas"]
[Black "Tate, Alan"]
[Result "0-1"]
[WhiteElo "2468"]
[BlackElo "2358"]
[PlyCount "86"]
[EventDate "2018.01.23"]
[EventType "swiss"]
[EventRounds "10"]
[EventCountry "GGB"]
[SourceTitle "BritBase"]
[Source "www.saund.co.uk"]
[SourceDate "2018.02.10"]
[SourceVersion "1"]
[SourceVersionDate "2018.02.10"]
[SourceQuality "1"]

1. d4 d5 2. c4 c6 3. Nf3 Nf6 4. e3 Bg4 5. h3 Bh5 6. g4 Bg6 7. Ne5 e6 8. Nd2
Nbd7 9. Nxg6 hxg6 10. Bg2 g5 11. O-O Be7 12. Re1 Nf8 13. e4 Ng6 14. e5 Nd7 15.
cxd5 exd5 16. Nf1 Ndf8 17. Ng3 Ne6 18. Ne2 Qb6 19. Rb1 Bb4 20. Rf1 O-O-O 21.
Qd3 Kb8 22. a3 Be7 23. b4 Ngf4 24. Nxf4 gxf4 25. Rd1 g6 26. a4 a6 27. Ba3 Ng5
28. b5 Bxa3 29. Qxa3 cxb5 30. axb5 a5 31. Rb3 f3 32. Bxf3 Nxh3+ 33. Kf1 Nf4 34.
Qc5 Qxc5 35. dxc5 b6 36. cxb6 Kb7 37. Rc3 Rc8 38. Rdc1 Rxc3 39. Rxc3 Rc8 40.
Rxc8 Kxc8 41. g5 Kb7 42. Ke1 Kxb6 43. Kd2 a4 0-1

[Event "Tradewise Gibraltar Masters 16th"]
[Site "Gibraltar"]
[Date "2018.01.31"]
[Round "9.67"]
[White "Yankelevich, Lev"]
[Black "Perez Garcia, Alejandro"]
[Result "1-0"]
[WhiteElo "2456"]
[BlackElo "2357"]
[PlyCount "89"]
[EventDate "2018.01.23"]
[EventType "swiss"]
[EventRounds "10"]
[EventCountry "GGB"]
[SourceTitle "BritBase"]
[Source "www.saund.co.uk"]
[SourceDate "2018.02.10"]
[SourceVersion "1"]
[SourceVersionDate "2018.02.10"]
[SourceQuality "1"]

1. d4 d5 2. c4 c6 3. Nf3 Nf6 4. e3 Bf5 5. Nc3 e6 6. Nh4 Bg6 7. Be2 Nbd7 8. g3
Bd6 9. Bd2 O-O 10. O-O Be4 11. f3 Bg6 12. Nxg6 hxg6 13. c5 Bc7 14. f4 Ba5 15.
Bd3 Bxc3 16. bxc3 Ne4 17. Bxe4 dxe4 18. Qc2 f5 19. h4 Nf6 20. Rfb1 Rf7 21. Rb4
Nd5 22. Rb3 Rd7 23. Rab1 Rb8 24. R3b2 Kf7 25. c4 Nf6 26. Qa4 Qh8 27. Be1 a6 28.
Qd1 Ng4 29. Bd2 g5 30. fxg5 Qd8 31. Qe1 Kg6 32. Bc3 Qc7 33. Ba5 Qc8 34. Rb6 Kh7
35. Kg2 e5 36. d5 cxd5 37. c6 Rf7 38. g6+ Kh8 39. gxf7 f4 40. Rxb7 f3+ 41. Kh1
Ra8 42. c7 f2 43. Qf1 Qf5 44. Rb8+ Kh7 45. f8=Q 1-0

[Event "Tradewise Gibraltar Masters 16th"]
[Site "Gibraltar"]
[Date "2018.01.31"]
[Round "9.68"]
[White "Esserman, Marc"]
[Black "Gandrud, Vegar Koi"]
[Result "1/2-1/2"]
[WhiteElo "2446"]
[BlackElo "2346"]
[PlyCount "131"]
[EventDate "2018.01.23"]
[EventType "swiss"]
[EventRounds "10"]
[EventCountry "GGB"]
[SourceTitle "BritBase"]
[Source "www.saund.co.uk"]
[SourceDate "2018.02.10"]
[SourceVersion "1"]
[SourceVersionDate "2018.02.10"]
[SourceQuality "1"]

1. e4 c5 2. d4 cxd4 3. c3 Nf6 4. e5 Nd5 5. Nf3 Nc6 6. Bc4 Nb6 7. Bb3 d5 8. exd6
Qxd6 9. O-O Be6 10. Bxe6 Qxe6 11. Nxd4 Nxd4 12. cxd4 Qd7 13. Nc3 e6 14. Qg4 Nd5
15. Re1 Rc8 16. Bg5 Bb4 17. Bd2 Bxc3 18. bxc3 O-O 19. Rac1 Rc4 20. Bh6 f5 21.
Qg3 Qc7 22. Qxc7 Nxc7 23. Bd2 Kf7 24. Rb1 b6 25. Rb4 Rxb4 26. cxb4 Rd8 27. Rc1
Nb5 28. Be3 Nxd4 29. Rc7+ Kf6 30. h4 f4 31. Bxd4+ Rxd4 32. Rxa7 Rxb4 33. f3 Rb5
34. Ra6 g5 35. hxg5+ Kxg5 36. a4 Rb1+ 37. Kh2 Kf5 38. a5 bxa5 39. Rxa5+ e5 40.
Ra7 h6 41. Ra6 Kg5 42. Re6 Re1 43. Re8 Kf6 44. Rh8 Kg7 45. Re8 h5 46. Re7+ Kg6
47. Re6+ Kf5 48. Re8 e4 49. fxe4+ Rxe4 50. Rf8+ Kg4 51. Rg8+ Kf5 52. Rf8+ Kg5
53. Rg8+ Kf6 54. Kg1 Re5 55. Rf8+ Kg5 56. Rg8+ Kf5 57. Kf2 Ra5 58. Rf8+ Kg4 59.
Rg8+ Rg5 60. Rxg5+ Kxg5 61. g3 fxg3+ 62. Kxg3 h4+ 63. Kh3 Kh5 64. Kh2 h3 65.
Kg3 h2 66. Kxh2 1/2-1/2

[Event "Tradewise Gibraltar Masters 16th"]
[Site "Gibraltar"]
[Date "2018.01.31"]
[Round "9.69"]
[White "Akesson, Ralf"]
[Black "Bellon Lopez, Juan Manuel"]
[Result "0-1"]
[WhiteElo "2443"]
[BlackElo "2334"]
[PlyCount "98"]
[EventDate "2018.01.23"]
[EventType "swiss"]
[EventRounds "10"]
[EventCountry "GGB"]
[SourceTitle "BritBase"]
[Source "www.saund.co.uk"]
[SourceDate "2018.02.10"]
[SourceVersion "1"]
[SourceVersionDate "2018.02.10"]
[SourceQuality "1"]

1. Nf3 d5 2. d4 c6 3. c4 Nf6 4. e3 Bf5 5. Nc3 e6 6. Nh4 Be4 7. f3 Bg6 8. Qb3
Qc7 9. Bd2 Be7 10. g3 Nbd7 11. Rc1 a6 12. cxd5 exd5 13. Nxg6 hxg6 14. Kf2 Bd6
15. Ne2 g5 16. Bg2 g4 17. f4 Ne4+ 18. Bxe4 dxe4 19. Bb4 Bxb4 20. Qxb4 a5 21.
Qa3 Rh5 22. Kg2 Qb6 23. b3 Qb4 24. Qb2 Nb6 25. Nc3 f5 26. Rc2 a4 27. bxa4 Qxb2
28. Rxb2 Nxa4 29. Nxa4 Rxa4 30. h3 b5 31. h4 Rc4 32. Kf2 Kd7 33. Ke2 Rh8 34.
Rd1 Ra8 35. d5 c5 36. Rxb5 Rxa2+ 37. Rd2 Rcc2 38. Rxc2 Rxc2+ 39. Kf1 Kd6 40.
Rb7 c4 41. Rxg7 c3 42. Rg8 Rd2 43. Ke1 Rg2 44. Rc8 c2 45. h5 Rxg3 46. Kd2 Rg2+
47. Kc1 Rh2 48. h6 Kxd5 49. Rh8 Kc6 0-1

[Event "Tradewise Gibraltar Masters 16th"]
[Site "Gibraltar"]
[Date "2018.01.31"]
[Round "9.70"]
[White "Goriatchkin, Jouri"]
[Black "Docx, Stefan"]
[Result "0-1"]
[WhiteElo "2310"]
[BlackElo "2442"]
[PlyCount "92"]
[EventDate "2018.01.23"]
[EventType "swiss"]
[EventRounds "10"]
[EventCountry "GGB"]
[SourceTitle "BritBase"]
[Source "www.saund.co.uk"]
[SourceDate "2018.02.10"]
[SourceVersion "1"]
[SourceVersionDate "2018.02.10"]
[SourceQuality "1"]

1. e4 c5 2. Nf3 d6 3. c3 Nf6 4. Be2 Bg4 5. O-O e6 6. Re1 Nc6 7. d3 Be7 8. Nbd2
O-O 9. h3 Bh5 10. Nf1 d5 11. Ng3 Bg6 12. Nh4 d4 13. Nxg6 hxg6 14. f4 Nd7 15.
Rf1 Bh4 16. Nh1 b5 17. g3 Be7 18. e5 Nb6 19. Bf3 Rc8 20. Nf2 Qd7 21. Be4 Rfd8
22. a4 dxc3 23. bxc3 Nxa4 24. Rxa4 bxa4 25. h4 Qe8 26. Qxa4 Bf8 27. g4 c4 28.
dxc4 Bc5 29. Kg2 Bb6 30. Nh3 Na5 31. Qc2 Nxc4 32. Qe2 Qa4 33. Ng5 Qb5 34. Kh2
a6 35. Bd3 Qb3 36. Ne4 Ba5 37. Bc2 Qa2 38. h5 Nd2 39. Bxd2 Qxc2 40. hxg6 Bxc3
41. gxf7+ Kxf7 42. Rf2 Bxd2 43. Nd6+ Rxd6 44. exd6 Qh7+ 45. Kg1 Rc1+ 46. Rf1
Qh3 0-1

[Event "Tradewise Gibraltar Masters 16th"]
[Site "Gibraltar"]
[Date "2018.01.31"]
[Round "9.71"]
[White "Zhukova, Natalia"]
[Black "Perez Garcia, Rodney Oscar"]
[Result "0-1"]
[WhiteElo "2438"]
[BlackElo "2320"]
[PlyCount "92"]
[EventDate "2018.01.23"]
[EventType "swiss"]
[EventRounds "10"]
[EventCountry "GGB"]
[SourceTitle "BritBase"]
[Source "www.saund.co.uk"]
[SourceDate "2018.02.10"]
[SourceVersion "1"]
[SourceVersionDate "2018.02.10"]
[SourceQuality "1"]

1. d4 d5 2. c4 Bf5 3. Nc3 e6 4. Nf3 Nf6 5. e3 c6 6. Bd3 Bxd3 7. Qxd3 Nbd7 8.
O-O Be7 9. e4 dxe4 10. Nxe4 O-O 11. Be3 Qa5 12. Nxf6+ Bxf6 13. a3 Rfd8 14. b4
Qh5 15. Qe4 Qg6 16. Qf4 Rac8 17. Rfd1 b5 18. c5 Qh5 19. a4 a6 20. axb5 axb5 21.
g4 Qd5 22. g5 Be7 23. Re1 f6 24. Qg4 Nf8 25. Ra7 Rd7 26. Rxd7 Qxd7 27. gxf6
Bxf6 28. Bf4 Bxd4 29. Bd6 Bf6 30. Nd2 h6 31. Ne4 Qf7 32. Re3 Nh7 33. Bg3 Be7
34. Rf3 Nf6 35. Nxf6+ Bxf6 36. Be5 Kh7 37. Kh1 Qg6 38. Qxe6 Re8 39. Qxc6 Rxe5
40. Re3 Rxe3 41. fxe3 Qb1+ 42. Kg2 Qxb4 43. Qd5 Qg4+ 44. Kf1 Qh3+ 45. Ke2 Qxh2+
46. Kd3 Qe5 0-1